000
00249nam a2200097Ia 4500
008
230206s9999 xx 000 0 und d
041
_a
eng
100
_a
Murthy E N, Ed.
_9
119280
245
_a
MBA Review
260
_c
2010
_b
The ICFAI University
_a
Hyderabad
999
_c
97732
_d
97732